000 00324nam a22001217a 4500
008 180424b xxu||||| |||| 00| 0 eng d
041 _aeng
080 _a043.3
100 _a0
101 _aSHKI-BA
245 _aAplikacionet e bazuara ne WSN: Implementimet Praktike dhe Sfidat e Teknologjise
_cGerguri, F
942 _2udc
_cBK
999 _c45459
_d45459